Hereja̕ y traicin̤ las doctrinas de la persecucin̤ religiosa en el siglo XVI /

Detalles Bibliográficos
Autor principal: Blz̀quez Martn̕, Diego
Formato: Libro
Lenguaje:español
Publicado: Madrid : Dykinson, 2001
Colección:Cuadernos Bartolom ̌de las Casas ; 18
Materias:
Acceso en línea:Acceso restringido

MARC

LEADER 00000nam a2200000 a 4500
005 20111216103110.0
007 cr|||| ||||
008 010712s2001 sp |||||| 000 ||spa|c
017 |a DL M. 10450-2001 
020 |a 8481557412 
035 |a 5964 
040 |d vLex 
090 |c 2837  |d 2837 
100 1 |a Blz̀quez Martn̕, Diego 
245 1 0 |a Hereja̕ y traicin̤   |h [Recurso electrn̤ico] :  |b las doctrinas de la persecucin̤ religiosa en el siglo XVI /  |c Diego Blz̉quez Martn̕ 
256 |a Servicio en ln̕ea 
260 |a Madrid :  |b Dykinson,  |c 2001 
300 |a 133 p.;  |c 21 cm 
504 |a Bibliografia: p. [127]-133 
506 1 |a Contenido solo disponible en los productos indicados  |d vLex Global   |d vLex Global (Academic Edition, excluding Law Schools)   |d vLex Global (U.S. Academic Edition, Law Schools)   |d vLex Global (U.S. Academic Edition, excluding Law Schools)   |d vLex Global (Academic Edition, Law Schools)  
600 1 4 |a Luther, Martin,  |d 1483-1546 
650 0 4 |a Hereja̕s y herejes  |z Espaą  |y S. XVI 
650 0 4 |a Calvinismo 
650 0 4 |a Persecuciones religiosas  |y S. XVI 
740 0 |a vLex Libros (Servicio en ln̕ea) 
830 0 |a Cuadernos Bartolom ̌de las Casas ;  |v 18 
856 4 0 |u http://vlex.com/source/herejia-traicion-doctrinas-persecucion-religiosa-siglo-xvi-5964  |z Acceso restringido 
942 |c BOOK 
999 0 |a Persecution 
999 0 |a Civil law